Normal view
MARC view
Entry Personal Name
001 - CONTROL NUMBER
- control field: 11848
003 - CONTROL NUMBER IDENTIFIER
- control field: ARRUPE
005 - DATE AND TIME OF LATEST TRANSACTION
- control field: 20140930145812.0
008 - FIXED-LENGTH DATA ELEMENTS
- fixed length control field: 140930|| aca||aabn | a|a d
040 ## - CATALOGING SOURCE
- Original cataloging agency: ARRUPE
- Transcribing agency: ARRUPE
100 ## - HEADING--PERSONAL NAME
- Personal name: Newton, D.
- Fuller form of name: (Douglas),
- Relator term: author.
670 ## - SOURCE DATA FOUND
- Source citation: Work cat.: (ARRUPE)0: Martin, Hugh, 1890-1964. 11846, Christian counter-attack;, 1944.